[Event "Asia Nations online Cup (Women)"]
[Site "Chess.com INT"]
[Date "2020.10.17"]
[Round "4.6"]
[White "Chong, Kai Ni Agnes"]
[Black "Udval, Batkhishig"]
[Result "1-0"]
[WhiteElo "1892"]
[BlackElo "1626"]
[PlyCount "47"]
[EventDate "2020.10.11"]
[EventType "team-swiss (rapid)"]
[EventRounds "9"]
[EventCountry "IND"]
[SourceTitle "CBM 198 Extra"]
[Source "ChessBase"]
[SourceDate "2020.11.30"]
[SourceVersion "1"]
[SourceVersionDate "2020.11.30"]
[SourceQuality "1"]
[WhiteTeam "Malaysia (W)"]
[BlackTeam "Mongolia (W)"]
[WhiteTeamCountry "MAS"]
[BlackTeamCountry "MGL"]

1. d4 f5 2. c4 Nf6 3. Nf3 e6 4. g3 d5 5. Bg2 c6 6. 0-0 Bd6 7. Nc3 0-0 8. Nd2 Nbd7 9. f3 Qe7 10. e4 fxe4 11. fxe4 dxe4 12. Ndxe4 Bc7 13. Be3 Kh8 14. Nxf6 Nxf6 15. Ne4 h6 16. Nxf6 Rxf6 17. Qh5 Rxf1+ 18. Rxf1 Kg8 19. Qg6 e5 20. Be4 Bf5 21. Qxf5 g5 22. Qg6+ Qg7 23. Qe6+ Kh8 24. Rf7 1-0

[Event "Prague Summer op-B 5th"]
[Site "Prague"]
[Date "2018.08.05"]
[Round "3"]
[White "Koper, Stefan"]
[Black "Udval, Batkhishig"]
[Result "1/2-1/2"]
[WhiteElo "1852"]
[BlackElo "1608"]
[PlyCount "73"]
[EventDate "2018.08.03"]
[EventType "swiss"]
[EventRounds "9"]
[EventCountry "CZE"]
[SourceTitle "CBM 186 Extra"]
[Source "ChessBase"]
[SourceDate "2018.08.24"]
[SourceVersion "1"]
[SourceVersionDate "2018.08.24"]
[SourceQuality "1"]

1. d4 e6 2. c4 f5 3. g3 Nf6 4. Bg2 Bb4+ 5. Bd2 Bxd2+ 6. Nxd2 0-0 7. e3 d6 8. Qb3 c6 9. Ne2 Qc7 10. Rc1 e5 11. c5+ d5 12. dxe5 Qxe5 13. Qc2 Nbd7 14. 0-0 Ne4 15. b4 Qf6 16. f4 Re8 17. Nxe4 fxe4 18. h3 Nf8 19. Qc3 Bd7 20. Qxf6 gxf6 21. f5 a5 22. a3 axb4 23. axb4 Ra4 24. Rb1 Ra3 25. Nf4 Rxe3 26. b5 Rc3 27. bxc6 Bxc6 28. Nh5 Nd7 29. Rf4 Kf7 30. Rh4 Nxc5 31. g4 e3 32. Nf4 e2 33. Re1 Rce3 34. Rxh7+ Kg8 35. Rh6 Nd3 36. Nxd3 Rxd3 37. Rxf6 1/2-1/2

[Event "Pardubice Czech op-D 29th"]
[Site "Pardubice"]
[Date "2018.07.28"]
[Round "9"]
[White "Starenkyi, Pavlo"]
[Black "Udval, Batkhishig"]
[Result "0-1"]
[WhiteElo "1396"]
[BlackElo "1442"]
[PlyCount "122"]
[EventDate "2018.07.21"]
[EventType "swiss"]
[EventRounds "9"]
[EventCountry "CZE"]
[SourceTitle "CBM 186 Extra"]
[Source "ChessBase"]
[SourceDate "2018.08.24"]
[SourceVersion "1"]
[SourceVersionDate "2018.08.24"]
[SourceQuality "1"]

1. d4 e6 2. c4 f5 3. Nc3 Nf6 4. Bg5 Bb4 5. Qc2 b6 6. e3 Bb7 7. f3 0-0 8. Bd3 h6 9. Bh4 d6 10. a3 Bxc3+ 11. Qxc3 Nbd7 12. Ne2 Rc8 13. 0-0 Qe8 14. Qb3 Kh8 15. Nc3 Qh5 16. Bg3 Qg5 17. Rae1 Nh5 18. f4 Qg6 19. Ne2 Ndf6 20. Qc2 Rfd8 21. Rd1 Ng4 22. Qd2 Nxg3 23. Nxg3 h5 24. h3 h4 25. Nxf5 exf5 26. hxg4 Qxg4 27. Qf2 h3 28. d5 Qxg2+ 29. Qxg2 hxg2 30. Kxg2 g6 31. Kf3 Kg7 32. Rg1 Kf6 33. Rg5 Rh8 34. Rdg1 Rh6 35. e4 fxe4+ 36. Bxe4 Rg8 37. f5 Rh3+ 38. Kf4 Rh4+ 39. Ke3 Bc8 40. Rxg6+ Rxg6 41. Rxg6+ Kf7 42. Rg3 Bd7 43. b3 Kf6 44. Rf3 Rh5 45. Kd4 Bxf5 46. Bxf5 Rxf5 47. Rxf5+ Kxf5 48. b4 Kf4 49. c5 Kf3 50. Kc4 Ke4 51. a4 a6 52. cxd6 cxd6 53. a5 b5+ 54. Kc3 Kxd5 55. Kd3 Ke5 56. Ke3 d5 57. Kd3 d4 58. Ke2 Ke4 59. Kd2 d3 60. Kd1 Kd4 61. Kd2 Kc4 0-1

[Event "Pardubice Czech op-D 29th"]
[Site "Pardubice"]
[Date "2018.07.27"]
[Round "8"]
[White "Udval, Batkhishig"]
[Black "Khaidarov, Lars"]
[Result "1-0"]
[WhiteElo "1442"]
[BlackElo "1510"]
[PlyCount "45"]
[EventDate "2018.07.21"]
[EventType "swiss"]
[EventRounds "9"]
[EventCountry "CZE"]
[SourceTitle "CBM 186 Extra"]
[Source "ChessBase"]
[SourceDate "2018.08.24"]
[SourceVersion "1"]
[SourceVersionDate "2018.08.24"]
[SourceQuality "1"]

1. e4 c5 2. d4 cxd4 3. c3 Nf6 4. e5 Nd5 5. cxd4 d6 6. Nf3 Nc6 7. Bc4 e6 8. 0-0 Be7 9. Qe2 0-0 10. Nc3 Nxc3 11. bxc3 dxe5 12. dxe5 Qa5 13. Bd2 Rd8 14. Rfe1 a6 15. Rab1 Qc7 16. Qe4 b5 17. Bd3 g6 18. Ng5 h6 19. Nxf7 Rxd3 20. Qxg6+ Kf8 21. Bxh6+ Ke8 22. Nd6+ Kd7 23. Qe8# 1-0

[Event "Pardubice Czech op-D 29th"]
[Site "Pardubice"]
[Date "2018.07.23"]
[Round "4"]
[White "Vrzal, Tomas"]
[Black "Udval, Batkhishig"]
[Result "1/2-1/2"]
[WhiteElo "1679"]
[BlackElo "1442"]
[PlyCount "43"]
[EventDate "2018.07.21"]
[EventType "swiss"]
[EventRounds "9"]
[EventCountry "CZE"]
[SourceTitle "CBM 186 Extra"]
[Source "ChessBase"]
[SourceDate "2018.08.24"]
[SourceVersion "1"]
[SourceVersionDate "2018.08.24"]
[SourceQuality "1"]

1. e4 d6 2. d4 Nf6 3. Nc3 e5 4. dxe5 dxe5 5. Qxd8+ Kxd8 6. Bg5 Be6 7. Bxf6+ gxf6 8. 0-0-0+ Nd7 9. a3 c6 10. Nge2 Bc5 11. f3 a5 12. Ng3 Kc7 13. Nf5 Rhg8 14. g4 b5 15. a4 b4 16. Nb1 b3 17. cxb3 Bxb3 18. Rd3 Bxa4 19. Nc3 Bb3 20. Nd5+ Bxd5 21. exd5 cxd5 22. Rxd5 1/2-1/2

[Event "Ulaanbaatar Children's Game Girls 5th"]
[Site "Ulaanbaatar"]
[Date "2015.09.18"]
[Round "7.3"]
[White "Udval, Batkhishig"]
[Black "Otgonsuvd, Batsaikhan"]
[Result "1/2-1/2"]
[WhiteElo "1815"]
[BlackElo "1760"]
[PlyCount "60"]
[EventDate "2015.09.14"]
[EventType "tourn"]
[EventRounds "7"]
[EventCountry "MGL"]
[SourceTitle "EXT 2024"]
[Source "ChessBase"]
[SourceDate "2023.10.10"]
[SourceVersion "1"]
[SourceVersionDate "2023.10.10"]
[SourceQuality "1"]

1. d4 Nf6 2. c4 e6 3. Nc3 Bb4 4. Bf4 0-0 5. e3 d5 6. Nf3 c5 7. Bd3 Nc6 8. dxc5 Bxc5 9. 0-0 b6 10. Rc1 Bb7 11. Bg5 dxc4 12. Bxc4 Be7 13. a3 Na5 14. Ba2 Rc8 15. Qe2 Nh5 16. Rfd1 Qe8 17. Bb1 f6 18. Qd3 g6 19. Bh6 Ng7 20. Bxg7 Kxg7 21. Nd4 Bc5 22. Nce2 e5 23. Nb5 Qc6 24. Qd7+ Rf7 25. Qxc6 Nxc6 26. b4 Bf8 27. Nd6 Bxd6 28. Rxd6 Rfc7 29. b5 Ne7 30. Rcd1 Bd5 1/2-1/2

[Event "Ulaanbaatar Children's Game Girls 5th"]
[Site "Ulaanbaatar"]
[Date "2015.09.15"]
[Round "2.2"]
[White "Udval, Batkhishig"]
[Black "Tsengenbayar, Saruul"]
[Result "0-1"]
[WhiteElo "1815"]
[BlackElo "1632"]
[PlyCount "92"]
[EventDate "2015.09.14"]
[EventType "tourn"]
[EventRounds "7"]
[EventCountry "MGL"]
[SourceTitle "EXT 2024"]
[Source "ChessBase"]
[SourceDate "2023.10.10"]
[SourceVersion "1"]
[SourceVersionDate "2023.10.10"]
[SourceQuality "1"]

1. d4 d5 2. c4 c6 3. Nc3 Nf6 4. Bf4 e6 5. e3 Nbd7 6. Bd3 Be7 7. Nf3 0-0 8. Rc1 dxc4 9. Bxc4 Nd5 10. Nxd5 exd5 11. Bd3 Qa5+ 12. Nd2 Qxa2 13. b3 Bb4 14. Bc2 Qa5 15. Qe2 Nf6 16. f3 Re8 17. Be5 c5 18. Rd1 cxd4 19. Bxd4 Bc5 20. Qd3 Qb6 21. Bxc5 Qxc5 22. Kf2 g6 23. Rhe1 Bf5 24. Qe2 Bxc2 25. Rc1 d4 26. Nf1 d3 27. Qxd3 Bxd3 28. Rxc5 Bxf1 29. Rxf1 Rac8 30. Rfc1 Rxc5 31. Rxc5 Rd8 32. Ke2 Rd6 33. Rc7 Rb6 34. Rc3 Nd5 35. Rd3 Nb4 36. Rc3 Nc6 37. h4 Na5 38. g4 Rxb3 39. Rc5 Nc6 40. h5 a5 41. h6 a4 42. Rd5 a3 43. Rd7 Rb2+ 44. Ke1 a2 45. Rd3 a1Q+ 46. Rd1 Qa5+ 0-1